000 01710nam a2200493 i 4500
001 684
003 KOSZ 005
005 20221024105231.0
008 221024s1978 pl a f 000 0 pol
015 _aUWD 1978/7305
035 _a991018922759705066
035 _a(PL-WaBN)b15127059-48omnis_nlop
035 _ab15127059
035 _a(OCoLC)830323325
035 _a(PL)b0000001512705
035 _a(EXLNZ-48OMNIS_NETWORK)9910522059505606
040 _aWA N
_cWA N
_dKOSZ 005/RW
046 _k1976
080 _a624.01/.07
080 _a(075.8)
100 1 _aGrabiec, Kalikst
_d(1920-2002)
_eAutor
245 1 0 _aKonstrukcje cienkościenne /
_cKalikst Grabiec ; [recenzent doc. dr inż. Wiesław Nowara].
250 _aWydanie 2 poprawione.
260 _aWarszawa :
_bPaństwowe Wydawnictwo Naukowe,
_c1978.
300 _a281 stron :
_bilustracje, tabele, wykresy, errata ;
_c24 cm.
336 _aTekst
_btxt
_2rdacontent
337 _aBez urządzenia pośredniczącego
_bn
_2rdamedia
338 _aWolumin
_bnc
_2rdacarrier
380 _aKsiążki
380 _aPublikacje dydaktyczne
385 _mPoziom nauczania
_aSzkoły wyższe
388 1 _a1901-2000
388 1 _a1945-1989
504 _aBibliografia na stronach [279]-281.
650 7 _aKonstrukcje budowlane
_2DBN
655 7 _aPodręczniki akademickie
_2DBN
658 _aArchitektura i budownictwo
658 _aInżynieria i technika
700 1 _aNowara, Wiesław
_eRecenzja
710 2 _aPaństwowe Wydawnictwo Naukowe
_4pbl
856 _uhttp://koha.tu.koszalin.pl/cgi-bin/koha/opac-detail.pl?biblionumber=684
_yKatalog online BPK
942 _2UKD
_cKS
999 _c684
_d684